| 000 | 00379nam a2200157Ia 4500 | ||
|---|---|---|---|
| 008 | 210210b1925 xxu||||| |||| 00| 0 eng d | ||
| 041 | _aeng | ||
| 082 | _a940/20 | ||
| 100 | _aBAYNES (N H) | ||
| 245 | _aByzantine empire | ||
| 260 |
_aLondon _bWilliams And Nortgate Limited _c1925 |
||
| 650 | _aempire | ||
| 650 | _aByzantine | ||
| 690 | _aEuropean History | ||
| 906 | _a025090 | ||
| 999 |
_c150939 _d150939 |
||